|
|
|
|
| LEADER |
00000nab a2200000 a 4500 |
| 001 |
vtls001020505 |
| 003 |
SK-MaSNL |
| 005 |
20260303035241.0 |
| 008 |
040720e20030000xo 0 slo |
| 035 |
|
|
|a SN6409
|
| 040 |
|
|
|a SNSK
|b slo
|c SNSK
|e AACR2
|
| 041 |
0 |
|
|a slo
|
| 044 |
|
|
|a xo
|c SK
|
| 080 |
|
|
|a 324"2002"
|2 1981
|
| 245 |
0 |
0 |
|a Výsledky volieb do orgánov samosprávy obcí, konaných v dňoch 6.-7.12.2002 v obci Markušovce
|
| 300 |
|
|
|b 2 tab.
|
| 518 |
|
|
|a r. 2002
|
| 650 |
0 |
7 |
|a komunálne voľby
|2 SNSK
|9 4164
|
| 650 |
0 |
7 |
|a výsledky
|2 SNSK
|9 493505
|
| 651 |
|
7 |
|a Markušovce (Slovensko)
|2 SNSK
|9 31735
|
| 651 |
|
7 |
|a SN,
|2 SNSK
|9 1021277
|
| 655 |
|
7 |
|a periodikum
|2 snkbucl
|9 29553
|
| 773 |
0 |
8 |
|t Markušovský spravodaj
|g Roč. 7, č.1 (2003), s. 2
|
| 852 |
|
|
|a ZVYKNI
|b KIS3GCP
|
| 999 |
|
|
|c 1676667
|d 1678597
|